000 00480cab a2200193 4500
001 X1079
008 090401t1993 xxu||||| |||| 00| 0 eng d
035 _a(Sirsi) u14587
041 _aeng
245 _aRICS Urban Regeneration Forum established
260 _c1993
350 _a0
490 _aCS Monthly : General Practice
_v3(2) October 1993, 2(1)
650 _aRICS
650 _aURBAN REGENERATION FORUM
690 _aURBAN RENEWAL
942 _n0
948 _c04/03/1997
999 _c9518
_d9518